[Event "BL 0708 OSC Baden Baden - TV Tegernsee"]
[Site "?"]
[Date "2008.03.09"]
[Round "11.7"]
[White "Kindermann, Stefan"]
[Black "Schlosser, Philipp"]
[Result "1/2-1/2"]
[WhiteElo "2528"]
[BlackElo "2579"]
[PlyCount "126"]
[EventDate "2008.??.??"]

1. e4 e5 2. Nf3 Nc6 3. Bc4 Nf6 4. d3 h6 5. c3 d6 6. O-O g6 7. Re1 Bg7 8. Nbd2
O-O 9. Bb3 Qe7 10. Nf1 Bd7 11. Ng3 Rfe8 12. h3 Na5 13. Bc2 c5 14. d4 cxd4 15.
cxd4 exd4 16. Nxd4 Rac8 17. b3 Nd5 18. Bxh6 Bxh6 19. exd5 Qxe1+ 20. Qxe1 Rxe1+
21. Rxe1 Bg7 22. Nge2 b5 23. Bd3 a6 24. Rd1 Kf8 25. Nc2 Ke7 26. Nb4 Nb7 27.
Nxa6 Nc5 28. Nb4 Kd8 29. Bb1 Kc7 30. Nd4 Kb6 31. Nbc6 Re8 32. Kf1 Ne4 33. Bxe4
Rxe4 34. b4 Bf6 35. Rd3 Bg7 36. g4 Bf6 37. a3 Bg7 38. f3 Re8 39. Kf2 Bf6 40.
Re3 Rh8 41. f4 Bc8 42. g5 Bxd4 43. Nxd4 Bb7 44. Re7 Bxd5 45. Rd7 Bc4 46. Rxd6+
Kc7 47. Rc6+ Kd7 48. Rc5 Rxh3 49. a4 Rh2+ 50. Ke3 Rh3+ 51. Kf2 Rh2+ 52. Kg3 Rb2
53. Nc6 Kd6 54. axb5 Rxb4 55. Nxb4 Kxc5 56. Nc6 Bxb5 57. Ne5 Bc4 58. f5 gxf5
59. Nxc4 Kxc4 60. Kf4 Kd4 61. Kxf5 Ke3 62. Kf6 Kf4 63. Kxf7 Kxg5 1/2-1/2

[Event "BL 0708 OSC Baden Baden - TV Tegernsee"]
[Site "?"]
[Date "2008.03.09"]
[Round "11.8"]
[White "Doettling, Fabian"]
[Black "Gross, David"]
[Result "1-0"]
[WhiteElo "2541"]
[BlackElo "2491"]
[PlyCount "79"]
[EventDate "2008.??.??"]

1. d4 Nf6 2. Nf3 e6 3. c4 b6 4. a3 Bb7 5. Nc3 d5 6. cxd5 Nxd5 7. Qc2 Nxc3 8.
bxc3 Be7 9. e4 O-O 10. Bd3 c5 11. O-O Qc7 12. Qe2 Nd7 13. e5 cxd4 14. cxd4 Qc6
15. Rd1 Qd5 16. Be3 Rfc8 17. h4 Rc3 18. a4 a5 19. h5 Rd8 20. Ne1 h6 21. f3 f5
22. Bb5 Rdc8 23. Rd3 R3c7 24. Rdd1 Nf8 25. Nd3 Bg5 26. Rac1 Qb3 27. Bxg5 hxg5
28. Qd2 f4 29. Rxc7 Rxc7 30. Rc1 Rxc1+ 31. Qxc1 Bd5 32. Nf2 Qb4 33. Qa1 Qd2 34.
Qd1 Qe3 35. Kf1 Bb3 36. Qa1 Bd5 37. Qb2 Kf7 38. Bd3 Nd7 39. Qc3 Ke7 40. Ng4 1-0

[Event "BL 0708 SG Turm Trier - SC Eppingen"]
[Site "?"]
[Date "2008.03.09"]
[Round "11.2"]
[White "Flumbort, Andras"]
[Black "Berkes, Ferenc"]
[Result "1/2-1/2"]
[WhiteElo "2499"]
[BlackElo "2606"]
[PlyCount "34"]
[EventDate "2008.??.??"]

1. d4 d5 2. c4 c6 3. Nf3 Nf6 4. Nc3 e6 5. Bg5 Nbd7 6. cxd5 exd5 7. e3 Be7 8.
Bd3 O-O 9. Qc2 Re8 10. O-O Nf8 11. h3 Ne4 12. Bf4 Ng5 13. Bxg5 Bxg5 14. Bf5 Be7
15. Rab1 a5 16. Bxc8 Rxc8 17. a3 Bd6 1/2-1/2

[Event "BL 0708 SG Turm Trier - SC Eppingen"]
[Site "?"]
[Date "2008.03.09"]
[Round "11.3"]
[White "Braun, Arik"]
[Black "Jaracz, Pawel"]
[Result "1-0"]
[WhiteElo "2541"]
[BlackElo "2518"]
[PlyCount "58"]
[EventDate "2008.??.??"]

1. d4 d5 2. c4 c6 3. Nf3 Nf6 4. e3 Bg4 5. h3 Bh5 6. Nc3 e6 7. g4 Bg6 8. Ne5 Bb4
9. h4 Ne4 10. Qb3 Qb6 11. h5 f6 12. Nd3 Bxc3+ 13. bxc3 Bf7 14. Qa3 Qa6 15. Rb1
dxc4 16. Bg2 cxd3 17. Bxe4 Qxa3 18. Bxa3 b6 19. f4 e5 20. fxe5 Bxa2 21. Rb2 Bd5
22. Bxd5 cxd5 23. h6 g6 24. exf6 Kf7 25. Rb5 Rd8 26. Kd2 Nc6 27. Kxd3 Kxf6 28.
Rf1+ Ke6 29. g5 Nb8 1-0

[Event "BL 0708 SG Turm Trier - SC Eppingen"]
[Site "?"]
[Date "2008.03.09"]
[Round "11.4"]
[White "Parligras, Mircea"]
[Black "Gyimesi, Zoltan"]
[Result "1/2-1/2"]
[WhiteElo "2553"]
[BlackElo "2610"]
[PlyCount "161"]
[EventDate "2008.??.??"]

1. e4 e5 2. Nf3 Nc6 3. Bb5 a6 4. Ba4 Nf6 5. O-O Be7 6. Re1 b5 7. Bb3 O-O 8. c3
d5 9. exd5 Nxd5 10. d4 exd4 11. cxd4 Bf5 12. Nc3 Ndb4 13. a3 Nd3 14. Re3 Nxc1
15. Rxc1 Na5 16. Ba2 Bd6 17. Ne5 Nc4 18. Nxc4 bxc4 19. Ne2 Qh4 20. g3 Qh5 21.
Bxc4 Bg4 22. Qd2 Kh8 23. Rcc3 Rad8 24. Bxa6 c5 25. d5 Bc7 26. Rcd3 Rd6 27. Nf4
Qh6 28. Bc4 Rf6 29. d6 Bxd6 30. Nd5 Rg6 31. Ne7 Rf6 32. Re4 Qxd2 33. Rxd2 Bf3
34. Re3 Bxe7 35. Rxe7 g5 36. Be2 Bxe2 37. Rdxe2 h6 38. Rc7 Rf5 39. Rc2 Rb8 40.
g4 Rf4 41. R7xc5 Rxg4+ 42. Kf1 Kg7 43. b4 Rd8 44. R5c4 Rd1+ 45. Ke2 Rgg1 46.
Rd2 Ra1 47. Rc3 g4 48. Rb3 Rh1 49. b5 Rae1+ 50. Kd3 Rxh2 51. a4 Re8 52. Kc2
Rc8+ 53. Kb2 h5 54. b6 h4 55. b7 Rb8 56. Rc2 h3 57. a5 Rh1 58. a6 h2 59. a7
Rxb7 60. a8=Q Rxb3+ 61. Kxb3 Rb1+ 62. Kc4 h1=Q 63. Qxh1 Rxh1 64. Kd3 Kg6 65.
Ke4 Ra1 66. Rc6+ f6 67. Kf4 Ra4+ 68. Kg3 Kg5 69. Rc8 Ra3+ 70. Kg2 f5 71. Rc5
Rd3 72. Ra5 Kf4 73. Ra4+ Ke5 74. Ra5+ Ke4 75. Ra4+ Rd4 76. Rxd4+ Kxd4 77. f3 g3
78. Kxg3 Ke3 79. f4 Ke4 80. Kg2 Kxf4 81. Kf2 1/2-1/2

[Event "BL 0708 SG Turm Trier - SC Eppingen"]
[Site "?"]
[Date "2008.03.09"]
[Round "11.5"]
[White "Balogh, Csaba"]
[Black "Gonda, Laszlo"]
[Result "1/2-1/2"]
[WhiteElo "2561"]
[BlackElo "2502"]
[PlyCount "64"]
[EventDate "2008.??.??"]

1. e4 e5 2. Nf3 Nc6 3. Bb5 Nf6 4. d3 d6 5. O-O Bd7 6. Re1 g6 7. d4 Bg7 8. d5
Ne7 9. Bxd7+ Nxd7 10. Be3 h6 11. Nfd2 f5 12. f3 f4 13. Bf2 g5 14. c4 Ng6 15.
Nc3 h5 16. Rc1 Bf8 17. b4 Nf6 18. c5 g4 19. Kh1 g3 20. Bg1 gxh2 21. Bf2 h4 22.
cxd6 Bxd6 23. Nb5 O-O 24. Rc4 h3 25. gxh3 Qd7 26. Nxd6 cxd6 27. Kxh2 Kf7 28.
Qc2 Ne8 29. Rg1 Rh8 30. Rg4 Ne7 31. Rh4 Nf6 32. Qc1 Rhc8 1/2-1/2

[Event "BL 0708 SG Turm Trier - SC Eppingen"]
[Site "?"]
[Date "2008.03.09"]
[Round "11.6"]
[White "Galyas, Miklos"]
[Black "Acs, Peter"]
[Result "0-1"]
[WhiteElo "2433"]
[BlackElo "2548"]
[PlyCount "94"]
[EventDate "2008.??.??"]

1. d4 d5 2. c4 c6 3. Nc3 Nf6 4. e3 a6 5. Nf3 b5 6. b3 Bg4 7. h3 Bxf3 8. gxf3 e6
9. f4 Bb4 10. Bd2 Nbd7 11. c5 Bxc3 12. Bxc3 Ne4 13. Qc2 Qh4 14. Bg2 Ndf6 15.
Ba5 Kd7 16. Rf1 g5 17. f5 g4 18. O-O-O gxh3 19. Bh1 Rhg8 20. Be1 Qh6 21. Kb1 h2
22. f3 Rg1 23. Ba5 Ng3 24. Rxg1 hxg1=Q 25. fxe6+ fxe6 26. Rxg1 Rg8 27. Bg2 Nf5
28. Rh1 Qxe3 29. Bf1 Qxf3 30. Qh2 Rg3 31. Bh3 Qd3+ 32. Kb2 Qxd4+ 33. Kb1 Qe4+
34. Kb2 Qe5+ 35. Kb1 h5 36. Bxf5 Qxf5+ 37. Kb2 Qg4 38. Ka3 h4 39. Be1 Qa4+ 40.
Kb2 Qd4+ 41. Kb1 Qe4+ 42. Kc1 Qf4+ 43. Kb2 Rg4 44. Qh3 Qg5 45. Rh2 Qe5+ 46. Bc3
d4 47. Bd2 Qg3 0-1

[Event "BL 0708 SG Turm Trier - SC Eppingen"]
[Site "?"]
[Date "2008.03.09"]
[Round "11.7"]
[White "Guliyev, Namig"]
[Black "Seger, Ruediger"]
[Result "1-0"]
[WhiteElo "2560"]
[BlackElo "2395"]
[PlyCount "93"]
[EventDate "2008.??.??"]

1. e4 c6 2. d3 d5 3. Nd2 e5 4. Ngf3 Bd6 5. d4 exd4 6. exd5 cxd5 7. Bb5+ Nc6 8.
Nxd4 Nge7 9. O-O O-O 10. N2b3 a6 11. Be2 Qc7 12. h3 Nf5 13. c3 Rd8 14. Bg5 Re8
15. Bf3 h6 16. Bc1 Rd8 17. Nxf5 Bxf5 18. Be3 Bf8 19. Nd4 Bg6 20. Bh5 Be4 21.
Re1 Ne5 22. Qe2 Nd3 23. Red1 Nf4 24. Bxf4 Qxf4 25. g3 Qf6 26. Bf3 Re8 27. Bxe4
Rxe4 28. Qh5 Rd8 29. Rd2 Bc5 30. Nb3 g6 31. Qd1 Bb6 32. Kg2 h5 33. Qf3 Qe5 34.
h4 Rd6 35. Rf1 f5 36. Nc1 Qe6 37. Ne2 Rd8 38. Nf4 Qf7 39. Nh3 Qe7 40. Rfd1 Qc5
41. Nf4 Kf7 42. Nxd5 Rde8 43. Nf4 R8e7 44. Rd5 Qc8 45. Rd6 Bc7 46. Rxg6 Bxf4
47. Qxh5 1-0

[Event "BL 0708 SG Turm Trier - SC Eppingen"]
[Site "?"]
[Date "2008.03.09"]
[Round "11.8"]
[White "Cioara, Andrei Nestor"]
[Black "Medvegy, Zoltan"]
[Result "1/2-1/2"]
[WhiteElo "2428"]
[BlackElo "2512"]
[PlyCount "76"]
[EventDate "2008.??.??"]

1. d4 Nf6 2. c4 e6 3. g3 c5 4. Nf3 cxd4 5. Nxd4 Bb4+ 6. Nc3 Ne4 7. Qc2 Nxc3 8.
bxc3 Be7 9. Bg2 Nc6 10. Bf4 O-O 11. Rd1 Na5 12. Qd3 d6 13. Nb5 e5 14. Be3 a6
15. Nxd6 Qxd6 16. Qxd6 Bxd6 17. Rxd6 Nxc4 18. Rd1 Nxe3 19. fxe3 Rb8 20. Bd5 Be6
21. Bxe6 fxe6 22. Rf1 Rbc8 23. Kd2 Rf7 24. Rxf7 Kxf7 25. Rb1 b5 26. a4 Rc5 27.
axb5 axb5 28. Ra1 Kf6 29. e4 h6 30. Ra7 Kg6 31. Rb7 Kf6 32. Kd3 Kg6 33. g4 Kf6
34. h4 Kg6 35. Rb6 Kf6 36. Rb8 Kf7 37. h5 Kf6 38. Rb7 g6 1/2-1/2

[Event "BL 0708 SC Remagen - SF Katernberg"]
[Site "?"]
[Date "2008.03.09"]
[Round "11.2"]
[White "Avrukh, Boris"]
[Black "L'Ami, Erwin"]
[Result "1/2-1/2"]
[WhiteElo "2641"]
[BlackElo "2577"]
[PlyCount "69"]
[EventDate "2008.??.??"]

1. d4 Nf6 2. c4 e6 3. g3 d5 4. Bg2 dxc4 5. Nf3 c5 6. O-O Nc6 7. Qa4 cxd4 8.
Nxd4 Qxd4 9. Bxc6+ Bd7 10. Rd1 Qxd1+ 11. Qxd1 Bxc6 12. Nd2 b5 13. a4 Be7 14.
axb5 Bxb5 15. Nxc4 O-O 16. Na3 Rfd8 17. Qe1 Bc6 18. Bd2 Rab8 19. Bf4 Rxb2 20.
Qc1 Rb3 21. Qxc6 Rxa3 22. Rb1 Nd5 23. Be5 Ra2 24. e4 Nb6 25. Qc7 Re8 26. Rc1
Ra5 27. Qc3 Rc5 28. Qa1 Rxc1+ 29. Qxc1 Bf8 30. Qc7 Re7 31. Qc6 Rd7 32. Kg2 h6
33. Bc7 Rd4 34. Qb7 Rd7 35. Qc6 1/2-1/2

[Event "BL 0708 SC Remagen - SF Katernberg"]
[Site "?"]
[Date "2008.03.09"]
[Round "11.5"]
[White "Firman, Nazar"]
[Black "Degraeve, Jean-Marc"]
[Result "1-0"]
[WhiteElo "2526"]
[BlackElo "2546"]
[PlyCount "37"]
[EventDate "2008.??.??"]

1. e4 e5 2. Nf3 d6 3. d4 exd4 4. Nxd4 Nf6 5. Nc3 Be7 6. Bf4 O-O 7. Qd2 a6 8.
O-O-O b5 9. Be2 c6 10. Bf3 Ra7 11. e5 dxe5 12. Bxe5 Bd7 13. Rhe1 Re8 14. Qg5
Nh5 15. Qxh5 Bg5+ 16. Kb1 g6 17. Bxb8 Rxe1 18. Rxe1 Ra8 19. Bc7 1-0

[Event "BL 0708 SC Remagen - SF Katernberg"]
[Site "?"]
[Date "2008.03.09"]
[Round "11.6"]
[White "Popovic, Petar"]
[Black "Senff, Martin"]
[Result "1/2-1/2"]
[WhiteElo "2474"]
[BlackElo "2474"]
[PlyCount "31"]
[EventDate "2008.??.??"]

1. e4 e5 2. Nf3 Nf6 3. Nc3 Nc6 4. Bb5 Bb4 5. O-O O-O 6. Bxc6 dxc6 7. d3 Bg4 8.
h3 Bh5 9. Bd2 Qe7 10. Kh1 Nd7 11. g4 Bg6 12. a3 Bxc3 13. Bxc3 c5 14. Qe2 a5 15.
a4 Rfe8 16. Nd2 1/2-1/2

[Event "BL 0708 SC Remagen - SF Katernberg"]
[Site "?"]
[Date "2008.03.09"]
[Round "11.7"]
[White "Siebrecht, Sebastian"]
[Black "Mainka, Romuald"]
[Result "0-1"]
[WhiteElo "2481"]
[BlackElo "2496"]
[PlyCount "122"]
[EventDate "2008.??.??"]

1. Nf3 e6 2. g3 b5 3. Bg2 Bb7 4. O-O Nf6 5. d3 Be7 6. e4 O-O 7. Qe2 d6 8. Nc3
a6 9. Bg5 Nbd7 10. Rae1 Rb8 11. h4 c5 12. Bd2 c4 13. Ng5 b4 14. Nd1 cxd3 15.
cxd3 Qb6 16. Ne3 Qb5 17. f4 Nc5 18. Nc4 Rbd8 19. b3 h6 20. d4 Ncxe4 21. Nxe4
Nxe4 22. Bxe4 Bxe4 23. Qxe4 d5 24. Qe2 dxc4 25. bxc4 Qd7 26. Be3 Bf6 27. Rd1
Qc7 28. Rd2 Rd7 29. Kh2 a5 30. Kh3 Rfd8 31. f5 Qc6 32. Bxh6 Rxd4 33. Rc2 Re4
34. Qh5 gxh6 35. Qxh6 Bg7 36. Qg5 f6 37. Qg6 Rxc4 38. Rxc4 Qxc4 39. Rd1 Qc7 40.
Rxd8+ Qxd8 41. fxe6 Qe7 42. Qf5 a4 43. Qd5 Bf8 44. h5 Kg7 45. g4 Qe8 46. Qf5
Be7 47. Qd5 Kh8 48. Qd2 Bf8 49. Qd5 Qe7 50. Qc6 Qd6 51. Qxa4 Qxe6 52. Qc2 Bd6
53. Qd3 Qe5 54. Kg2 Qb2+ 55. Kf1 Qa1+ 56. Ke2 Qxa2+ 57. Kd1 Qa1+ 58. Ke2 Qe5+
59. Kd1 Bf8 60. Qc4 Kg7 61. Qc2 Qd4+ 0-1

[Event "BL 0708 SC Remagen - SF Katernberg"]
[Site "?"]
[Date "2008.03.09"]
[Round "11.8"]
[White "Swinkels, Robin"]
[Black "Ris, Robert"]
[Result "1/2-1/2"]
[WhiteElo "2433"]
[BlackElo "2381"]
[PlyCount "97"]
[EventDate "2008.??.??"]

1. e4 e5 2. Nf3 Nc6 3. Bb5 a6 4. Bxc6 dxc6 5. O-O Bd6 6. d4 exd4 7. Qxd4 f6 8.
Be3 Ne7 9. Nbd2 Be6 10. Qc3 Qd7 11. Nd4 O-O-O 12. a4 f5 13. exf5 Bxf5 14. Nxf5
Qxf5 15. Nc4 Nd5 16. Qb3 Nf4 17. Nxd6+ Rxd6 18. Bxf4 Qxf4 19. Rad1 Rf8 20. Rxd6
cxd6 21. Qh3+ Qf5 22. Qe3 Qe5 23. Qxe5 dxe5 24. Rd1 Rf4 25. b3 a5 26. Kf1 Kc7
27. Ke2 g6 28. Ke3 Rf6 29. f3 Rd6 30. Rxd6 Kxd6 31. Ke4 Ke6 32. c3 b5 33. h4 h6
34. g3 h5 35. Kd3 Kd5 36. g4 Kd6 37. Ke3 Ke7 38. gxh5 gxh5 39. Kd2 Kd6 40. Kd3
Kd7 41. Ke3 Ke7 42. Ke2 Ke6 43. Kd3 Kd7 44. c4 bxa4 45. bxa4 c5 46. Ke3 Ke7 47.
f4 Ke6 48. Ke4 exf4 49. Kxf4 1/2-1/2

[Event "BL 0708 Godesberger SK - SV Mülheim Nor"]
[Site "?"]
[Date "2008.03.09"]
[Round "11.2"]
[White "Lutz, Christopher"]
[Black "Fridman, Daniel"]
[Result "1/2-1/2"]
[WhiteElo "2588"]
[BlackElo "2621"]
[PlyCount "76"]
[EventDate "2008.??.??"]

1. e4 c6 2. d4 d5 3. Nc3 dxe4 4. Nxe4 Bf5 5. Ng3 Bg6 6. h4 h6 7. Nf3 Nd7 8. h5
Bh7 9. Bd3 Bxd3 10. Qxd3 e6 11. Bf4 Qa5+ 12. Bd2 Bb4 13. c3 Be7 14. c4 Qc7 15.
O-O-O Ngf6 16. Rde1 O-O-O 17. Kb1 Bd6 18. Ne4 Nxe4 19. Qxe4 Nf6 20. Qc2 c5 21.
Qa4 Qb6 22. Bc3 cxd4 23. Nxd4 Bb4 24. Bxb4 Rxd4 25. Qa3 Rg4 26. Bc5 Qa6 27.
Qxa6 bxa6 28. Bxa7 Rxg2 29. Rh3 Rg4 30. Rb3 Rd8 31. Rc1 Rd7 32. Rb8+ Kc7 33.
Rf8 Re4 34. c5 Kc6 35. Bb8 Re2 36. Rc8+ Kb7 37. Rf8 Kc6 38. Rc8+ Kb7 1/2-1/2

[Event "BL 0708 Godesberger SK - SV Mülheim Nor"]
[Site "?"]
[Date "2008.03.09"]
[Round "11.4"]
[White "Likavsky, Tomas"]
[Black "Tregubov, Pavel V"]
[Result "0-1"]
[WhiteElo "2496"]
[BlackElo "2609"]
[PlyCount "118"]
[EventDate "2008.??.??"]

1. d4 d5 2. c4 e6 3. Nf3 Nf6 4. g3 dxc4 5. Bg2 Nc6 6. Qa4 Bb4+ 7. Bd2 Bd6 8.
Bc3 Bd7 9. Qxc4 b5 10. Qb3 b4 11. Bd2 Na5 12. Qd3 Rb8 13. a3 Bb5 14. Qc2 O-O
15. Bxb4 Bxb4+ 16. axb4 Nc6 17. Qd2 Ne4 18. Qe3 Nxb4 19. O-O Nd6 20. Rc1 Bc6
21. Nbd2 a6 22. Qc3 Ne4 23. Nxe4 Bxe4 24. Ra4 Qd6 25. b3 Rb7 26. Nd2 Bxg2 27.
Kxg2 Rd8 28. Nf3 Rdb8 29. Qc4 Qd5 30. Qxd5 Nxd5 31. Nd2 Ra7 32. Ra3 Kf8 33. Ne4
Rb4 34. e3 e5 35. Rc5 c6 36. Rc4 exd4 37. exd4 a5 38. Rxb4 Nxb4 39. Nc5 Ke7 40.
Ra1 Kd6 41. Rxa5 Rxa5 42. Nb7+ Kd5 43. Nxa5 Kxd4 44. Kf3 c5 45. h4 Nd3 46. g4
f6 47. g5 fxg5 48. hxg5 g6 49. Nc6+ Kc3 50. Ke4 Nxf2+ 51. Kd5 Nd3 52. Ke4 Nc1
53. Ke5 Nxb3 54. Kf6 Nd4 55. Ne5 Nf5 56. Nxg6 hxg6 57. Kxg6 Nd6 58. Kg7 Kd4 59.
g6 Ke5 0-1

[Event "BL 0708 Godesberger SK - SV Mülheim Nor"]
[Site "?"]
[Date "2008.03.09"]
[Round "11.5"]
[White "Golod, Vitali"]
[Black "Jackelen, Thomas"]
[Result "1/2-1/2"]
[WhiteElo "2586"]
[BlackElo "2437"]
[PlyCount "100"]
[EventDate "2008.??.??"]

1. d4 d5 2. c4 c6 3. Nf3 Nf6 4. Nc3 a6 5. c5 Nbd7 6. Bf4 Nh5 7. Bd2 Nhf6 8. Bf4
Nh5 9. Bg5 h6 10. Bd2 Nhf6 11. Bf4 Nh5 12. Be5 Nxe5 13. Nxe5 Nf6 14. e3 Nd7 15.
f4 Nxe5 16. fxe5 Bf5 17. Bd3 Bxd3 18. Qxd3 e6 19. O-O Be7 20. Ne2 b6 21. cxb6
Qxb6 22. Nf4 h5 23. Rac1 c5 24. e4 c4 25. Qd1 dxe4 26. Rxc4 O-O 27. Nxh5 Rac8
28. Qg4 g6 29. Rxc8 Qxd4+ 30. Kh1 Rxc8 31. Qf4 Rf8 32. Nf6+ Kg7 33. b3 Bd8 34.
h3 Be7 35. Kh2 Bd8 36. h4 Ba5 37. Ng4 Bd2 38. Qf6+ Kg8 39. h5 gxh5 40. Qh4 hxg4
41. Qxg4+ Kh7 42. Qh5+ Bh6 43. Rxf7+ Rxf7 44. Qxf7+ Kh8 45. Qe8+ Kg7 46. Qe7+
Kg6 47. Qxe6+ Kg5 48. Qf6+ Kh5 49. Qf7+ Kg4 50. Qe6+ Kg5 1/2-1/2

[Event "BL 0708 Godesberger SK - SV Mülheim Nor"]
[Site "?"]
[Date "2008.03.09"]
[Round "11.6"]
[White "Dranov, Alexander"]
[Black "Berelovich, Alexander"]
[Result "0-1"]
[WhiteElo "2439"]
[BlackElo "2595"]
[PlyCount "90"]
[EventDate "2008.??.??"]

1. e4 e6 2. d4 d5 3. Nd2 c5 4. exd5 Qxd5 5. Ngf3 cxd4 6. Bc4 Qd6 7. O-O Nf6 8.
Nb3 Nc6 9. Nbxd4 Nxd4 10. Nxd4 a6 11. b3 Qc7 12. Bb2 Bd6 13. g3 O-O 14. Re1 b5
15. Be2 Bb7 16. Bf3 Rfd8 17. Bxb7 Qxb7 18. Qe2 Rac8 19. a4 b4 20. Rad1 Bc5 21.
Nxe6 fxe6 22. Bxf6 gxf6 23. Qxe6+ Kg7 24. Qg4+ Kh8 25. Qf5 Bd4 26. h4 Bc3 27.
Kh2 Qf7 28. Rxd8+ Rxd8 29. Re2 Re8 30. Rxe8+ Qxe8 31. h5 Kg7 32. f4 Kh6 33. g4
Qe2+ 34. Kh3 Qe3+ 35. Kg2 Qe7 36. Qd3 Qe6 37. Kh3 Be1 38. a5 Qc8 39. Qe2 Qc3+
40. Kg2 Qd2 41. Kf3 Qxe2+ 42. Kxe2 Bc3 43. Kd3 f5 44. gxf5 Kxh5 45. Kc4 Kh6 0-1

[Event "BL 0708 Godesberger SK - SV Mülheim Nor"]
[Site "?"]
[Date "2008.03.09"]
[Round "11.7"]
[White "Levin, Felix"]
[Black "Armbruster, Alexander"]
[Result "1-0"]
[WhiteElo "2552"]
[BlackElo "2353"]
[PlyCount "61"]
[EventDate "2008.??.??"]

1. d4 d6 2. Nf3 Bg4 3. c4 Nf6 4. Qb3 Qc8 5. h3 Bxf3 6. exf3 e5 7. d5 Be7 8. Nc3
Nbd7 9. Be3 Nf8 10. g3 N6d7 11. h4 f5 12. Qc2 Nf6 13. h5 Rg8 14. Bd3 g6 15.
hxg6 hxg6 16. O-O-O a6 17. Bh6 N8d7 18. Be2 c5 19. g4 fxg4 20. fxg4 Qc7 21. g5
Nh7 22. Ne4 Qa5 23. Kb1 O-O-O 24. Bg4 Nhf8 25. Nf6 Bxf6 26. gxf6 Rh8 27. f7 Rh7
28. Bxd7+ Kxd7 29. Bd2 Qb6 30. Rxh7 Nxh7 31. Qa4+ 1-0

[Event "BL 0708 Solinger SG - Werder Bremen"]
[Site "?"]
[Date "2008.03.09"]
[Round "11.3"]
[White "Areshchenko, Alexander"]
[Black "Jussupow, Artur"]
[Result "1/2-1/2"]
[WhiteElo "2638"]
[BlackElo "2583"]
[PlyCount "35"]
[EventDate "2008.??.??"]

1. e4 e5 2. Nf3 Nf6 3. Nxe5 d6 4. Nf3 Nxe4 5. c4 Be7 6. d4 O-O 7. Nc3 Nxc3 8.
bxc3 Bf5 9. Be2 Nc6 10. O-O Bf6 11. Be3 Re8 12. h3 h6 13. Re1 Na5 14. Qa4 b6
15. Nd2 Qd7 16. Qxd7 Bxd7 17. Nb3 Nc6 18. Bf3 1/2-1/2

[Event "BL 0708 Solinger SG - Werder Bremen"]
[Site "?"]
[Date "2008.03.09"]
[Round "11.4"]
[White "Naumann, Alexander"]
[Black "Fressinet, Laurent"]
[Result "1/2-1/2"]
[WhiteElo "2548"]
[BlackElo "2654"]
[PlyCount "120"]
[EventDate "2008.??.??"]

1. d4 d5 2. c4 c6 3. Nf3 Nf6 4. Nc3 dxc4 5. a4 Bf5 6. Ne5 Nbd7 7. Nxc4 Nb6 8.
Ne5 a5 9. Bg5 g6 10. e3 Bg7 11. Bd3 Be6 12. O-O Nfd5 13. Nf3 Nb4 14. Be2 O-O
15. Ne4 Nd7 16. Rc1 Qe8 17. h3 Rd8 18. Bh4 h6 19. Re1 f5 20. Ned2 Bd5 21. Nc4
c5 22. Bg3 cxd4 23. Nxd4 Qf7 24. Bc7 Rc8 25. Nb5 Nc6 26. Bf3 Be6 27. Nxa5 Nxa5
28. Bxa5 Rxc1 29. Qxc1 Ne5 30. Be2 Rc8 31. Qd2 Nc4 32. Bxc4 Rxc4 33. Nc3 g5 34.
Bb6 g4 35. hxg4 Rxg4 36. Bd4 Bd5 37. Nxd5 Qxd5 38. f3 Qxf3 39. Bxg7 Kxg7 40. b3
Qe4 41. Qd4+ Kf7 42. Qxe4 Rxe4 43. Kf2 Rb4 44. Rh1 Kg6 45. Rb1 Kf6 46. Ke2 Ke5
47. Rh1 Rxb3 48. Rxh6 b6 49. Rh4 Kd6 50. g4 fxg4 51. Rxg4 e5 52. Kf3 Kd5 53.
Rh4 Rb1 54. Rg4 e4+ 55. Rxe4 Rf1+ 56. Ke2 Kxe4 57. Kxf1 Kxe3 58. Ke1 Kd3 59.
Kd1 Kc3 60. a5 bxa5 1/2-1/2

[Event "BL 0708 Solinger SG - Werder Bremen"]
[Site "?"]
[Date "2008.03.09"]
[Round "11.6"]
[White "Hoffmann, Michael"]
[Black "Nyback, Tomi"]
[Result "1/2-1/2"]
[WhiteElo "2471"]
[BlackElo "2565"]
[PlyCount "106"]
[EventDate "2008.??.??"]

1. e4 e5 2. Nf3 Nc6 3. Bb5 a6 4. Ba4 Nf6 5. O-O Be7 6. Re1 b5 7. Bb3 O-O 8. c3
d6 9. h3 Na5 10. Bc2 d5 11. exd5 e4 12. Bxe4 Nxe4 13. Rxe4 Bb7 14. Re1 Re8 15.
d4 Qxd5 16. Nbd2 c5 17. Nf1 Rad8 18. Ne3 Qe6 19. Bd2 Be4 20. b3 Nc6 21. d5 Bxd5
22. Nxd5 Qxd5 23. Bg5 f6 24. Qxd5+ Rxd5 25. Be3 Kf7 26. Red1 Red8 27. Rxd5 Rxd5
28. Kf1 Rd3 29. Rc1 Ke6 30. Ke2 c4 31. bxc4 bxc4 32. Nd2 Kd5 33. Nf3 Ke6 34.
Nd2 Kd5 35. Nf3 Ba3 36. Rc2 Bc5 37. Bd2 Ke6 38. Rb2 Rd7 39. g4 g5 40. Be1 h6
41. Rb1 Rh7 42. Nd2 Ne5 43. f3 h5 44. Bg3 hxg4 45. hxg4 f5 46. gxf5+ Kxf5 47.
Bxe5 Kxe5 48. Nxc4+ Kf4 49. Nd2 Re7+ 50. Kd3 Rd7+ 51. Ke2 Re7+ 52. Kd3 Rd7+ 53.
Ke2 Re7+ 1/2-1/2

[Event "BL 0708 Solinger SG - Werder Bremen"]
[Site "?"]
[Date "2008.03.09"]
[Round "11.7"]
[White "Babula, Vlastimil"]
[Black "Ragger, Markus"]
[Result "1-0"]
[WhiteElo "2596"]
[BlackElo "2528"]
[PlyCount "73"]
[EventDate "2008.??.??"]

1. d4 d5 2. c4 c6 3. Nf3 Nf6 4. Nc3 dxc4 5. a4 Bf5 6. Ne5 Nbd7 7. Nxc4 Qc7 8.
g3 e5 9. dxe5 Nxe5 10. Bf4 Nfd7 11. Bg2 g5 12. Ne3 gxf4 13. Nxf5 O-O-O 14. Qc2
Kb8 15. O-O fxg3 16. hxg3 h5 17. Rfc1 Nf6 18. a5 h4 19. Nxh4 Rxh4 20. gxh4 Neg4
21. Rd1 Re8 22. Qf5 Bh6 23. Rd3 Qh2+ 24. Kf1 Rg8 25. e4 Nh5 26. Qxh5 Nxf2 27.
Rd8+ Rxd8 28. Kxf2 Rg8 29. Qf3 Rg6 30. Rd1 Qxh4+ 31. Kg1 Bf4 32. Qf2 Qg4 33.
Rd8+ Kc7 34. Rd3 f6 35. Nb5+ Kc8 36. Nxa7+ Kb8 37. Rd8+ 1-0

[Event "BL 0708 Solinger SG - Werder Bremen"]
[Site "?"]
[Date "2008.03.09"]
[Round "11.8"]
[White "Ernst, Sipke"]
[Black "Fish, Gennadij"]
[Result "1/2-1/2"]
[WhiteElo "2539"]
[BlackElo "2546"]
[PlyCount "110"]
[EventDate "2008.??.??"]

1. d4 Nf6 2. c4 e6 3. g3 Bb4+ 4. Bd2 c5 5. Bg2 O-O 6. Nf3 Bxd2+ 7. Qxd2 Ne4 8.
Qc2 Qa5+ 9. Nbd2 d5 10. O-O Nxd2 11. Qxd2 Qxd2 12. Nxd2 cxd4 13. cxd5 exd5 14.
Bxd5 Nc6 15. Nf3 Rd8 16. Bxc6 bxc6 17. Rac1 Bg4 18. Kg2 d3 19. exd3 Bxf3+ 20.
Kxf3 Rxd3+ 21. Ke2 Rd6 22. Rfd1 Re6+ 23. Kf1 g6 24. Rc4 a5 25. Rdc1 Ra6 26. Ra4
Rb6 27. b3 Rb5 28. Rac4 Rb6 29. Rd4 Rb5 30. Rdc4 Rb6 31. Rd1 Kg7 32. Rd3 Rb4
33. Rdc3 Rb6 34. h3 Kf8 35. Rd4 Kg7 36. Rc5 Rb5 37. Rdc4 a4 38. bxa4 Rb1+ 39.
Kg2 Rb2 40. Rc2 Rxc2 41. Rxc2 Re4 42. Rxc6 Rxa4 43. Rc2 Ra3 44. h4 h5 45. Kf1
f6 46. Re2 g5 47. hxg5 fxg5 48. Kg2 Kf6 49. Rc2 Kf5 50. Rc5+ Kf6 51. Rc6+ Kf5
52. Rc2 h4 53. Kh3 Kg6 54. Kg2 hxg3 55. f3 g4 1/2-1/2

[Event "BL 0708 SV Wattenscheid - Hamburger SK"]
[Site "?"]
[Date "2008.03.09"]
[Round "11.3"]
[White "Kempinski, Robert"]
[Black "Rustemov, Alexander"]
[Result "1/2-1/2"]
[WhiteElo "2596"]
[BlackElo "2552"]
[PlyCount "90"]
[EventDate "2008.??.??"]

1. d4 d5 2. c4 e6 3. Nc3 Be7 4. Bf4 Nf6 5. e3 O-O 6. Nf3 c5 7. dxc5 Bxc5 8.
cxd5 Nxd5 9. Nxd5 exd5 10. a3 Nc6 11. Bd3 Bb6 12. O-O d4 13. e4 Bg4 14. h3 Qf6
15. Bg3 Bh5 16. Rc1 Rac8 17. Re1 Bxf3 18. Qxf3 Ne5 19. Bxe5 Qxe5 20. Qf5 Qxf5
21. exf5 Rxc1 22. Rxc1 Re8 23. g3 Kf8 24. Kg2 h6 25. Kf3 Re7 26. Be4 Rc7 27.
Rxc7 Bxc7 28. Bxb7 d3 29. Ke3 Bb6+ 30. Kxd3 Bxf2 31. g4 Ke7 32. Ke4 Kd6 33. f6
gxf6 34. Ba6 Bg3 35. Bc4 a5 36. Bxf7 Be5 37. b4 axb4 38. axb4 Bc3 39. b5 Kc5
40. Be8 Be1 41. Kf5 Bh4 42. Kg6 Bg5 43. Bd7 Kb6 44. Kh5 Be3 45. h4 Bf2 1/2-1/2